| 000 | 00447nam a2200193Ia 4500 | ||
|---|---|---|---|
| 005 | 20240823041137.0 | ||
| 008 | 240823s9999||||xx |||||||||||||| ||und|| | ||
| 020 | _a81-780-6105-8 | ||
| 041 | _aENGLISH | ||
| 082 | _A641.6318 P6 | ||
| 100 | _aManjira Majumdar | ||
| 245 | 0 | _aRice Bonanza | |
| 250 | _a1st | ||
| 260 |
_c2006 _b"Unicorn,,New Delhi" |
||
| 500 | _aDISPLAY | ||
| 650 |
_aRice Bonanza _bGeneral |
||
| 942 | _cBK | ||
| 999 |
_c204790 _d204790 |
||